000 00482nam a22001817a 4500
003 MPLRDC
005 20220104184533.0
008 210129b ||||| |||| 00| 0 eng d
020 _a957-745-818-1
082 _a861.6 SJDW
100 _a世界单位认定协会
245 _a新单位
_c五月女桂子 画; 叶凯翎 译
250 _a初版
260 _a台湾
_b格林文化事业股份有限公司
_c2005
300 _b
650 _a杂著
942 _cBK
_o861.6 SJDW
999 _c62906
_d62896